Red Logos II Quiz Stats

 Plays Quiz Updated Dec 21, 2017

Also try: Red Logos
Challenge
Share
Tweet
Score 0/16 Timer 05:00
6 Plays Today
% Correct
Kellogg's
93.9%
Pizza Hut
93.9%
YouTube
93%
Netflix
90.1%
Pinterest
85.5%
Beats
79.9%
Kmart
79.5%
Wilson
78.4%
% Correct
Suzuki
75.6%
Walgreens
75.6%
Firestone
70.4%
Tesla
60.1%
Nabisco
59.8%
Texas Instruments
57.8%
Quiksilver
36.7%
Mobil
25.7%

You're not logged in!

Compare scores with friends on all Sporcle quizzes.
Join for Free
OR
Log In

You Might Also Like...

Show Comments

Extras

Top Quizzes Today


Score Distribution

Your Account Isn't Verified!

In order to create a playlist on Sporcle, you need to verify the email address you used during registration. Go to your Sporcle Settings to finish the process.

Report this User

Report this user for behavior that violates our Community Guidelines.

Details: